000 00300nam a2200121Ia 4500
008 190216s9999||||xx |||||||||||||| ||und||
100 _a"B.L.Thereja ,ak.thereja"
245 0 _aAtext Book Of Electrical Techology Vol.1
250 _aI
260 _bS Chand & Co
_c2007
300 _a864
942 _cBK
999 _c30252
_d30252